[Event "Northumbria Masters"]
[Site "Newcastle upon Tyne, ENG"]
[Date "2019.08.24"]
[Round "2.22"]
[White "Jaufarally, Nadia"]
[Black "French, Max"]
[Result "1/2-1/2"]
[WhiteElo "1934"]
[BlackElo "2172"]
[PlyCount "75"]
[EventDate "2019.08.23"]
[EventRounds "9"]
[EventCountry "ENG"]
[SourceTitle "BritBase"]
[Source "John Saunders"]
[SourceDate "2021.08.31"]
[SourceVersion "1"]
[SourceVersionDate "2021.08.31"]
[SourceQuality "1"]

1. e4 c6 2. d4 d5 3. Nc3 dxe4 4. Nxe4 Bf5 5. Ng3 Bg6 6. h4 h6 7. Nf3 Nd7 8. h5
Bh7 9. Bd3 Bxd3 10. Qxd3 e6 11. Bd2 Ngf6 12. O-O-O Be7 13. Kb1 O-O 14. Ne4 Nxe4
15. Qxe4 Nf6 16. Qe2 Qd5 17. Be3 Qb5 18. c4 Qf5+ 19. Ka1 c5 20. Nh4 Qh7 21. d5
exd5 22. cxd5 Rfd8 23. Bxh6 Nxd5 24. Bxg7 Bxh4 25. Rxh4 Nb4 26. Rxd8+ Rxd8 27.
a3 Qc2 28. Qxc2 Nxc2+ 29. Kb1 Nxa3+ 30. bxa3 Kxg7 31. Rf4 Rd5 32. g4 b5 33. Kc2
a6 34. Kc3 c4 35. Rf3 Rd1 36. Rg3 Rf1 37. Rf3 Rd1 38. Rg3 1/2-1/2

[Event "Northumbria Masters"]
[Site "Newcastle upon Tyne, ENG"]
[Date "2019.08.24"]
[Round "2.23"]
[White "Holland, Christopher"]
[Black "Clark, Robert G"]
[Result "0-1"]
[WhiteElo "2143"]
[BlackElo "2060"]
[PlyCount "86"]
[EventDate "2019.08.23"]
[EventRounds "9"]
[EventCountry "ENG"]
[SourceTitle "BritBase"]
[Source "John Saunders"]
[SourceDate "2021.08.31"]
[SourceVersion "1"]
[SourceVersionDate "2021.08.31"]
[SourceQuality "1"]

1. c4 Nf6 2. Nc3 e5 3. Nf3 Nc6 4. e3 d5 5. cxd5 Nxd5 6. Bb5 Nxc3 7. bxc3 Bd6 8.
d4 exd4 9. cxd4 Bd7 10. O-O O-O 11. Bd2 a6 12. Bd3 Bg4 13. Rb1 Rb8 14. h3 Bh5
15. g4 Bg6 16. Bxg6 hxg6 17. e4 Re8 18. Re1 Bf8 19. Bc3 a5 20. Kg2 Bb4 21. Qb3
Qe7 22. Re3 b5 23. Ba1 a4 24. Qb2 Bd6 25. e5 Bb4 26. d5 Bc5 27. dxc6 Bxe3 28.
fxe3 Qc5 29. e6 f6 30. Nd4 Qd5+ 31. Kg1 b4 32. Qf2 Qc4 33. Qd2 Rb6 34. Rc1 Qd5
35. Qg2 Qe5 36. Qf3 b3 37. axb3 axb3 38. Bb2 Rxe6 39. Nxe6 Qxb2 40. Rd1 Qe5 41.
Rd8+ Kf7 42. Nxc7 b2 43. Rd7+ Kg8 0-1

[Event "Northumbria Masters"]
[Site "Newcastle upon Tyne, ENG"]
[Date "2019.08.24"]
[Round "2.24"]
[White "Guha, Chirag"]
[Black "Kanyamarala, Tarun"]
[Result "0-1"]
[WhiteElo "1876"]
[BlackElo "2142"]
[PlyCount "66"]
[EventDate "2019.08.23"]
[EventRounds "9"]
[EventCountry "ENG"]
[SourceTitle "BritBase"]
[Source "John Saunders"]
[SourceDate "2021.08.31"]
[SourceVersion "1"]
[SourceVersionDate "2021.08.31"]
[SourceQuality "1"]

1. d4 Nf6 2. c4 e6 3. Nf3 d5 4. e3 b6 5. b3 Bb7 6. Nbd2 Nbd7 7. Bb2 Be7 8. Bd3
Ne4 9. O-O O-O 10. Rc1 f5 11. Qe2 Rf6 12. Ne5 Nxe5 13. dxe5 Rg6 14. f3 Nxd2 15.
Qxd2 Bc5 16. Bd4 Ba3 17. Rcd1 Qe7 18. Qe2 dxc4 19. Bxc4 Qg5 20. Qf2 a6 21. e4
fxe4 22. h4 Qf5 23. fxe4 Qxe4 24. Rd2 Rf8 25. Qe2 Rxf1+ 26. Kxf1 Qxh4 27. Qf2
Bxg2+ 28. Ke2 Qg4+ 29. Ke1 Bb4 30. Bxe6+ Qxe6 31. Be3 Bxd2+ 32. Kxd2 Qd5+ 33.
Bd4 c5 0-1

[Event "Northumbria Masters"]
[Site "Newcastle upon Tyne, ENG"]
[Date "2019.08.24"]
[Round "2.25"]
[White "Johnson, Paul A"]
[Black "Burrows, Martin P"]
[Result "0-1"]
[WhiteElo "1796"]
[BlackElo "2121"]
[PlyCount "108"]
[EventDate "2019.08.23"]
[EventRounds "9"]
[EventCountry "ENG"]
[SourceTitle "BritBase"]
[Source "John Saunders"]
[SourceDate "2021.08.31"]
[SourceVersion "1"]
[SourceVersionDate "2021.08.31"]
[SourceQuality "1"]

1. d4 Nf6 2. c4 e6 3. Nf3 b6 4. a3 Ba6 5. Qc2 Bb7 6. Nc3 c5 7. e3 Be7 8. Be2
O-O 9. O-O d5 10. b3 cxd4 11. exd4 Nc6 12. cxd5 Nxd5 13. Bd2 Rc8 14. Qb2 Bf6
15. Nxd5 Qxd5 16. Bc3 Rfd8 17. Rfd1 Ne7 18. Rac1 Qf5 19. Bd3 Be4 20. Bxe4 Qxe4
21. Re1 Qb7 22. Ne5 Nd5 23. Bd2 h6 24. Rxc8 Rxc8 25. Rc1 Rd8 26. Rc2 Rc8 27.
Rxc8+ Qxc8 28. f3 Qc7 29. f4 Bxe5 30. fxe5 Qc6 31. Qc1 Qb5 32. Qc4 Qd7 33. a4
Ne7 34. Be3 Qb7 35. Qd3 Qd5 36. h3 Nc6 37. Qc4 Qe4 38. Qc3 Kh7 39. Kf2 Ne7 40.
Qd2 Nf5 41. b4 Nh4 42. Kg1 Nxg2 43. Qxg2 Qxe3+ 44. Qf2 Qxf2+ 45. Kxf2 Kg6 46.
Ke3 Kf5 47. a5 b5 48. a6 g5 49. Kf3 h5 50. Ke3 g4 51. h4 g3 52. Kf3 g2 53. Kxg2
Ke4 54. Kg3 Ke3 0-1

[Event "Northumbria Masters"]
[Site "Newcastle upon Tyne, ENG"]
[Date "2019.08.24"]
[Round "3.1"]
[White "Siddharth, Jagadeesh"]
[Black "Donchenko, Alexander"]
[Result "0-1"]
[WhiteElo "2382"]
[BlackElo "2618"]
[PlyCount "80"]
[EventDate "2019.08.23"]
[EventRounds "9"]
[EventCountry "ENG"]
[SourceTitle "BritBase"]
[Source "John Saunders"]
[SourceDate "2021.08.31"]
[SourceVersion "1"]
[SourceVersionDate "2021.08.31"]
[SourceQuality "1"]

1. d4 Nf6 2. c4 e6 3. g3 c5 4. Nf3 cxd4 5. Nxd4 d5 6. Bg2 e5 7. Nf3 d4 8. O-O
Nc6 9. e3 Be7 10. exd4 exd4 11. Bf4 Be6 12. Nbd2 O-O 13. Ne5 Nxe5 14. Bxe5 Ng4
15. Re1 Nxe5 16. Rxe5 d3 17. Qb3 Qd4 18. Nf3 Qd6 19. Rd1 Rfd8 20. Qxb7 Bf6 21.
c5 Qb8 22. Qxb8 Raxb8 23. Re3 Rxb2 24. c6 Rxa2 25. c7 Rf8 26. Rexd3 Rc2 27. Nd4
Bxd4 28. Rxd4 Rxc7 29. Rd6 g6 30. Ra1 Rfc8 31. Rdd1 Rd7 32. Rxd7 Bxd7 33. Bb7
Rc7 34. Be4 Kf8 35. Kg2 Ke7 36. Bf3 Bb5 37. h4 Kd6 38. h5 Kc5 39. Rd1 a5 40.
Rd5+ Kb4 0-1

[Event "Northumbria Masters"]
[Site "Newcastle upon Tyne, ENG"]
[Date "2019.08.24"]
[Round "3.2"]
[White "Han, Yichen"]
[Black "Tan, Justin"]
[Result "0-1"]
[WhiteElo "2205"]
[BlackElo "2503"]
[PlyCount "86"]
[EventDate "2019.08.23"]
[EventRounds "9"]
[EventCountry "ENG"]
[SourceTitle "BritBase"]
[Source "John Saunders"]
[SourceDate "2021.08.31"]
[SourceVersion "1"]
[SourceVersionDate "2021.08.31"]
[SourceQuality "1"]

1. e4 e5 2. Nf3 Nc6 3. Bc4 Bc5 4. c3 Nf6 5. d3 O-O 6. O-O d6 7. Nbd2 a5 8. Bb3
Be6 9. Bc2 Re8 10. Re1 h6 11. Nf1 d5 12. exd5 Bxd5 13. Be3 Bf8 14. h3 Qd7 15.
Ng3 Rad8 16. d4 Bxf3 17. Qxf3 exd4 18. cxd4 Nxd4 19. Bxd4 Qxd4 20. Rxe8 Rxe8
21. Qxb7 Bc5 22. Rf1 Bb6 23. Qc6 Qe5 24. Kh1 Bxf2 25. Ne4 Bh4 26. Nxf6+ Bxf6
27. b3 Rd8 28. Qf3 Rd2 29. Bd3 c6 30. Qe4 Qxe4 31. Bxe4 c5 32. a4 Be5 33. Bc6
f5 34. Bb5 g6 35. Kg1 Bd4+ 36. Kh2 Bf2 37. Rc1 h5 38. Kh1 Kg7 39. g4 fxg4 40.
hxg4 hxg4 41. Kg2 Kh6 42. Rf1 Bd4+ 43. Kg3 Kg5 0-1

[Event "Northumbria Masters"]
[Site "Newcastle upon Tyne, ENG"]
[Date "2019.08.24"]
[Round "3.3"]
[White "Raetsky, Alexander"]
[Black "Eggleston, David J"]
[Result "1/2-1/2"]
[WhiteElo "2404"]
[BlackElo "2403"]
[PlyCount "26"]
[EventDate "2019.08.23"]
[EventRounds "9"]
[EventCountry "ENG"]
[SourceTitle "BritBase"]
[Source "John Saunders"]
[SourceDate "2021.08.31"]
[SourceVersion "1"]
[SourceVersionDate "2021.08.31"]
[SourceQuality "1"]

1. d4 Nf6 2. c4 e6 3. g3 d5 4. Nf3 Be7 5. Bg2 O-O 6. O-O dxc4 7. Ne5 Nc6 8.
Nxc6 bxc6 9. Na3 Bxa3 10. bxa3 Ba6 11. Bxc6 Rb8 12. Qa4 Rb6 13. Bf3 Bb5 1/2-1/2

[Event "Northumbria Masters"]
[Site "Newcastle upon Tyne, ENG"]
[Date "2019.08.24"]
[Round "3.4"]
[White "Pruijssers, Roeland"]
[Black "Welling, Gerard"]
[Result "1-0"]
[WhiteElo "2534"]
[BlackElo "2307"]
[PlyCount "85"]
[EventDate "2019.08.23"]
[EventRounds "9"]
[EventCountry "ENG"]
[SourceTitle "BritBase"]
[Source "John Saunders"]
[SourceDate "2021.08.31"]
[SourceVersion "1"]
[SourceVersionDate "2021.08.31"]
[SourceQuality "1"]

1. e4 g6 2. d4 Bg7 3. Nc3 c6 4. Bc4 d5 5. exd5 b5 6. Bd3 b4 7. Ne4 cxd5 8. Nc5
Nf6 9. a3 bxa3 10. Rxa3 O-O 11. Nf3 Bg4 12. h3 Bxf3 13. Qxf3 Nc6 14. c3 e5 15.
Bb5 exd4 16. Bxc6 Rc8 17. cxd4 Rxc6 18. O-O Ne4 19. Be3 Nxc5 20. dxc5 a5 21.
Rd1 Bxb2 22. Rxd5 Qc7 23. Ra2 Bg7 24. Qd1 Ra6 25. Qa4 Qb7 26. Rd7 Qb1+ 27. Rd1
Qb7 28. Ra3 h5 29. Qc4 Rc8 30. Rad3 Re6 31. Rd7 Qb4 32. Qxb4 axb4 33. Rb7 Bf8
34. Rc1 Re4 35. c6 Bd6 36. Kf1 Re6 37. c7 Kg7 38. Bd4+ f6 39. Bb6 Kf7 40. Ba5
Re7 41. Rc6 Rd7 42. Rxd6 Rxd6 43. Rb8 1-0

[Event "Northumbria Masters"]
[Site "Newcastle upon Tyne, ENG"]
[Date "2019.08.24"]
[Round "3.5"]
[White "Gormally, Daniel W"]
[Black "Berry, Neil"]
[Result "1-0"]
[WhiteElo "2495"]
[BlackElo "2207"]
[PlyCount "121"]
[EventDate "2019.08.23"]
[EventRounds "9"]
[EventCountry "ENG"]
[SourceTitle "BritBase"]
[Source "John Saunders"]
[SourceDate "2021.08.31"]
[SourceVersion "1"]
[SourceVersionDate "2021.08.31"]
[SourceQuality "1"]

1. d4 Nf6 2. Nf3 d5 3. c4 e6 4. g3 Bb4+ 5. Bd2 Be7 6. Bg2 O-O 7. O-O c6 8. Qc2
Nbd7 9. Bf4 b6 10. Nc3 dxc4 11. Nd2 Nd5 12. Nxc4 Nxf4 13. gxf4 Bb7 14. f5 exf5
15. Qxf5 Nf6 16. e3 Qc7 17. Rfc1 Rad8 18. Qe5 Qd7 19. Rd1 Rfe8 20. Qg3 Qe6 21.
b3 Bb4 22. Ne2 Ne4 23. Qh4 f5 24. Ng3 Nc3 25. Rdc1 Nd5 26. Qg5 g6 27. Nh5 Be7
28. Qg3 Kh8 29. Nf4 Nxf4 30. Qxf4 Bf6 31. Rab1 Qe7 32. b4 Ba8 33. a4 Bg5 34.
Qe5+ Bf6 35. Qg3 Bh4 36. Qh3 Bf6 37. Nd2 f4 38. Nf1 fxe3 39. fxe3 Bg5 40. Rc3
Bb7 41. Qf3 Rf8 42. Qe4 Qf7 43. Qe5+ Bf6 44. Qg3 Rc8 45. Rbc1 Qe7 46. Rc4 Bh4
47. Qg4 Rcd8 48. d5 Bf2+ 49. Kh1 Ba6 50. b5 cxb5 51. Rc7 Qf6 52. R1c6 Qe5 53.
Rxh7+ Kxh7 54. Qxg6+ Kh8 55. Qh6+ Kg8 56. Rg6+ Kf7 57. Qh7+ Ke8 58. Re6+ Qxe6
59. dxe6 Rd6 60. Bc6+ Rxc6 61. Qd7# 1-0

[Event "Northumbria Masters"]
[Site "Newcastle upon Tyne, ENG"]
[Date "2019.08.24"]
[Round "3.6"]
[White "Ratnesan, Ranesh"]
[Black "Adair, James R"]
[Result "1/2-1/2"]
[WhiteElo "2098"]
[BlackElo "2473"]
[PlyCount "98"]
[EventDate "2019.08.23"]
[EventRounds "9"]
[EventCountry "ENG"]
[SourceTitle "BritBase"]
[Source "John Saunders"]
[SourceDate "2021.08.31"]
[SourceVersion "1"]
[SourceVersionDate "2021.08.31"]
[SourceQuality "1"]

1. d4 Nf6 2. c4 e6 3. Nc3 Bb4 4. Qc2 d5 5. cxd5 exd5 6. Bg5 h6 7. Bh4 g5 8. Bg3
Nc6 9. e3 h5 10. h3 Ne4 11. Bh2 Qe7 12. Nge2 Bf5 13. Qa4 O-O-O 14. a3 Ba5 15.
Bg1 Kb8 16. f3 Nf6 17. O-O-O Bb6 18. Ng3 Bg6 19. h4 g4 20. Bf2 Na5 21. Bd3 c5
22. dxc5 Qxc5 23. Bxg6 fxg6 24. Qf4+ Qd6 25. Qxd6+ Rxd6 26. Nge4 Nxe4 27. fxe4
Re6 28. Nxd5 Rxe4 29. Bg3+ Ka8 30. Nxb6+ axb6 31. Bf4 Rc8+ 32. Kb1 Nc4 33. Rd4
Rce8 34. Rxe4 Rxe4 35. Re1 b5 36. Kc2 Ka7 37. Re2 Kb6 38. Kd3 Re6 39. e4 Kc5
40. Kc3 Rf6 41. Bg5 Re6 42. Bf4 Ra6 43. Bg5 Re6 44. Bf4 Nd6 45. Bxd6+ Rxd6 46.
Rf2 Rc6 47. Rd2 Rf6 48. Rd5+ Kc6 49. Rg5 Rd6 1/2-1/2

[Event "Northumbria Masters"]
[Site "Newcastle upon Tyne, ENG"]
[Date "2019.08.24"]
[Round "3.7"]
[White "Maksimenko, Andrei"]
[Black "Stoyanov, Viktor"]
[Result "1-0"]
[WhiteElo "2468"]
[BlackElo "2207"]
[PlyCount "71"]
[EventDate "2019.08.23"]
[EventRounds "9"]
[EventCountry "ENG"]
[SourceTitle "BritBase"]
[Source "John Saunders"]
[SourceDate "2021.08.31"]
[SourceVersion "1"]
[SourceVersionDate "2021.08.31"]
[SourceQuality "1"]

1. Nf3 Nf6 2. c4 c5 3. Nc3 Nc6 4. e3 g6 5. d4 cxd4 6. exd4 d5 7. cxd5 Nxd5 8.
Qb3 Nxc3 9. Bc4 Nd5 10. Bxd5 e6 11. Bxc6+ bxc6 12. O-O Qd5 13. Qc3 Bg7 14. Be3
O-O 15. Rfc1 Bb7 16. Qb4 Qb5 17. Qa3 Rfd8 18. Rc5 Qb6 19. Ne5 Rd5 20. Rxd5 cxd5
21. Qe7 Rf8 22. b3 a5 23. Rc1 Qb4 24. Qxb4 axb4 25. Rc7 Ba6 26. Nc6 Ra8 27.
Nxb4 Bb5 28. a4 Be8 29. Nd3 Bf8 30. Bf4 f6 31. h4 Bf7 32. g4 Bg7 33. Bd6 Rd8
34. Bc5 e5 35. a5 Ra8 36. a6 1-0

[Event "Northumbria Masters"]
[Site "Newcastle upon Tyne, ENG"]
[Date "2019.08.24"]
[Round "3.8"]
[White "Mannion, Stephen R"]
[Black "Birtwistle, Nigel"]
[Result "1-0"]
[WhiteElo "2280"]
[BlackElo "2136"]
[PlyCount "59"]
[EventDate "2019.08.23"]
[EventRounds "9"]
[EventCountry "ENG"]
[SourceTitle "BritBase"]
[Source "John Saunders"]
[SourceDate "2021.08.31"]
[SourceVersion "1"]
[SourceVersionDate "2021.08.31"]
[SourceQuality "1"]

1. e4 c5 2. Nf3 g6 3. d4 cxd4 4. Nxd4 Bg7 5. c4 Nc6 6. Be3 Nf6 7. Nc3 Ng4 8.
Qxg4 Nxd4 9. Qd1 e5 10. Bd3 d6 11. O-O O-O 12. a4 Be6 13. a5 Rc8 14. Qa4 Qe7
15. Rfe1 Rc6 16. Nd5 Bxd5 17. exd5 Nf3+ 18. gxf3 Rc7 19. Qb4 f5 20. Qd2 Qh4 21.
Bf1 f4 22. Bxa7 Rf5 23. c5 Rh5 24. h3 Rg5+ 25. Kh2 Bf8 26. Bb6 Rf7 27. c6 bxc6
28. dxc6 e4 29. Rxe4 d5 30. Re8 1-0

[Event "Northumbria Masters"]
[Site "Newcastle upon Tyne, ENG"]
[Date "2019.08.24"]
[Round "3.9"]
[White "Villiers, Thomas"]
[Black "Gogia, Armaan"]
[Result "0-1"]
[WhiteElo "2218"]
[BlackElo "1754"]
[PlyCount "120"]
[EventDate "2019.08.23"]
[EventRounds "9"]
[EventCountry "ENG"]
[SourceTitle "BritBase"]
[Source "John Saunders"]
[SourceDate "2021.08.31"]
[SourceVersion "1"]
[SourceVersionDate "2021.08.31"]
[SourceQuality "1"]

1. Nf3 Nf6 2. b4 e6 3. a3 b6 4. g3 Bb7 5. Bg2 Be7 6. Bb2 O-O 7. d3 d5 8. O-O
Nbd7 9. Nbd2 c5 10. bxc5 bxc5 11. Rb1 Rb8 12. Ne5 Qc7 13. f4 d4 14. e4 Nxe5 15.
fxe5 Nd7 16. Nc4 Ba6 17. c3 Bxc4 18. dxc4 Nxe5 19. cxd4 Nxc4 20. Qc1 Nxb2 21.
Rxb2 Bg5 22. Qc2 Be3+ 23. Kh1 Rxb2 24. Qxb2 cxd4 25. Rb1 Qc3 26. Bf1 g6 27. Kg2
Rc8 28. a4 Qc6 29. Bd3 f5 30. Qb7 Qxb7 31. Rxb7 Rc3 32. exf5 Rxd3 33. fxe6 Bg5
34. h4 Bf6 35. Rf7 Be5 36. Rxa7 Rxg3+ 37. Kf2 Re3 38. Ra8+ Kg7 39. e7 Bg3+ 40.
Kg2 Rxe7 41. Kxg3 Rd7 42. Rb8 d3 43. Rb1 d2 44. Rd1 Rd3+ 45. Kf4 Rd4+ 46. Kg3
Kh6 47. a5 Kh5 48. a6 Rd3+ 49. Kf4 Rd7 50. Kg3 h6 51. Kf4 Rd4+ 52. Ke5 Ra4 53.
Rxd2 Rxa6 54. Rd4 Ra3 55. Kf6 Rf3+ 56. Kg7 g5 57. Rd6 Kxh4 58. Kxh6 g4 59. Rd4
Rf6+ 60. Kg7 Ra6 0-1

[Event "Northumbria Masters"]
[Site "Newcastle upon Tyne, ENG"]
[Date "2019.08.24"]
[Round "3.10"]
[White "Yoon, Jacob D"]
[Black "Merry, Alan B"]
[Result "0-1"]
[WhiteElo "1987"]
[BlackElo "2427"]
[PlyCount "62"]
[EventDate "2019.08.23"]
[EventRounds "9"]
[EventCountry "ENG"]
[SourceTitle "BritBase"]
[Source "John Saunders"]
[SourceDate "2021.08.31"]
[SourceVersion "1"]
[SourceVersionDate "2021.08.31"]
[SourceQuality "1"]

1. d4 c5 2. dxc5 e6 3. e4 Bxc5 4. Nc3 Nc6 5. Bd3 Nf6 6. Nf3 a6 7. O-O Qc7 8.
Qe2 Ng4 9. h3 Nd4 10. hxg4 Nxe2+ 11. Nxe2 O-O 12. Bf4 d6 13. e5 dxe5 14. Bxe5
Bd6 15. Bc3 b5 16. a3 Bb7 17. Ned4 e5 18. Nf5 e4 19. Bxg7 exf3 20. g3 Rfe8 21.
Bf6 Be5 22. Bg5 f6 23. Bd2 Rad8 24. Rad1 Bc8 25. Nh6+ Kh8 26. Kh2 Qg7 27. Rh1
Bxg4 28. Kg1 Rxd3 29. cxd3 Bd7 30. Kh2 Bxg3+ 31. fxg3 Re2+ 0-1

[Event "Northumbria Masters"]
[Site "Newcastle upon Tyne, ENG"]
[Date "2019.08.24"]
[Round "3.11"]
[White "Clark, Robert G"]
[Black "Gourlay, Iain"]
[Result "0-1"]
[WhiteElo "2060"]
[BlackElo "2345"]
[PlyCount "40"]
[EventDate "2019.08.23"]
[EventRounds "9"]
[EventCountry "ENG"]
[SourceTitle "BritBase"]
[Source "John Saunders"]
[SourceDate "2021.08.31"]
[SourceVersion "1"]
[SourceVersionDate "2021.08.31"]
[SourceQuality "1"]

1. c4 e5 2. g3 d6 3. Bg2 f5 4. Nc3 Nf6 5. d3 c6 6. Nf3 Be7 7. O-O O-O 8. b4 Kh8
9. a4 a6 10. Bb2 Be6 11. b5 Qc7 12. Qd2 Nbd7 13. Ba3 Bg8 14. Nh4 Ne8 15. Nf3 g6
16. Qh6 Ng7 17. Nh4 Bf7 18. e4 f4 19. Bh3 Nf6 20. b6 Qd8 0-1

[Event "Northumbria Masters"]
[Site "Newcastle upon Tyne, ENG"]
[Date "2019.08.24"]
[Round "3.12"]
[White "Fitzsimons, David"]
[Black "Lam, Paul G M"]
[Result "1-0"]
[WhiteElo "2317"]
[BlackElo "2118"]
[PlyCount "81"]
[EventDate "2019.08.23"]
[EventRounds "9"]
[EventCountry "ENG"]
[SourceTitle "BritBase"]
[Source "John Saunders"]
[SourceDate "2021.08.31"]
[SourceVersion "1"]
[SourceVersionDate "2021.08.31"]
[SourceQuality "1"]

1. e4 Nc6 2. Nf3 d6 3. d4 Nf6 4. Nc3 Bg4 5. Be3 e5 6. d5 Ne7 7. h3 Bd7 8. Nd2
Ng6 9. a4 Be7 10. a5 a6 11. Nc4 O-O 12. Qd2 Nxe4 13. Nxe4 f5 14. g3 fxe4 15.
Bg2 Bf5 16. Ra3 Nh8 17. Rb3 Rb8 18. Qb4 c5 19. Qc3 Nf7 20. h4 Bf6 21. Nd2 Qd7
22. O-O Bh3 23. Bxh3 Qxh3 24. Nxe4 Bd8 25. Bd2 Qf5 26. Qc4 Bc7 27. Re1 h6 28.
Ree3 Nh8 29. Kg2 Qc8 30. Rf3 Rxf3 31. Rxf3 Ng6 32. h5 Ne7 33. b3 Kh8 34. b4
cxb4 35. Rf7 Qd8 36. Bxh6 Rc8 37. Nf6 Nf5 38. Qe4 Qxf6 39. Bxg7+ Qxg7 40. Qxf5
Qxf7 41. Qxf7 1-0

[Event "Northumbria Masters"]
[Site "Newcastle upon Tyne, ENG"]
[Date "2019.08.24"]
[Round "3.13"]
[White "Abdulla, Murad"]
[Black "Munshi, Aditya"]
[Result "0-1"]
[WhiteElo "2265"]
[BlackElo "2091"]
[PlyCount "90"]
[EventDate "2019.08.23"]
[EventRounds "9"]
[EventCountry "ENG"]
[SourceTitle "BritBase"]
[Source "John Saunders"]
[SourceDate "2021.08.31"]
[SourceVersion "1"]
[SourceVersionDate "2021.08.31"]
[SourceQuality "1"]

1. e4 c6 2. d4 d5 3. Nc3 dxe4 4. Nxe4 Bf5 5. Ng3 Bg6 6. N1e2 Nf6 7. Nf4 e5 8.
Nxg6 hxg6 9. dxe5 Qa5+ 10. c3 Qxe5+ 11. Be2 Nbd7 12. Qb3 Nc5 13. Qc4 Nce4 14.
Nxe4 Nxe4 15. Be3 Bc5 16. Bxc5 Nxc5 17. O-O-O O-O 18. Bf3 Rad8 19. h4 Qf5 20.
h5 Nd3+ 21. Rxd3 Qxd3 22. Qxd3 Rxd3 23. hxg6 Rd6 24. gxf7+ Rxf7 25. Rh4 Re7 26.
Be4 Red7 27. Bc2 Rd2 28. Rf4 g5 29. Rf5 Kh8 30. Be4 Re2 31. Bf3 Rxf2 32. Rxg5
Rdd2 33. Ra5 a6 34. Rh5+ Kg7 35. Rg5+ Kf6 36. Rh5 Rxb2 37. Rh7 Rxa2 38. Kb1
Rab2+ 39. Ka1 Ra2+ 40. Kb1 Rfb2+ 41. Kc1 Rb3 42. Rd7 Rf2 43. Rd3 Rbb2 44. g4
Ra2 45. Kb1 Rad2 0-1

[Event "Northumbria Masters"]
[Site "Newcastle upon Tyne, ENG"]
[Date "2019.08.24"]
[Round "3.14"]
[White "Mosnegutu, Klauss"]
[Black "Ther, Mate"]
[Result "1-0"]
[WhiteElo "2230"]
[BlackElo "1955"]
[PlyCount "61"]
[EventDate "2019.08.23"]
[EventRounds "9"]
[EventCountry "ENG"]
[SourceTitle "BritBase"]
[Source "John Saunders"]
[SourceDate "2021.08.31"]
[SourceVersion "1"]
[SourceVersionDate "2021.08.31"]
[SourceQuality "1"]

1. d4 Nf6 2. c4 e6 3. Nc3 c5 4. d5 exd5 5. cxd5 d6 6. e4 g6 7. f4 Bg7 8. Nf3
O-O 9. Be2 Re8 10. Nd2 h5 11. h3 a6 12. a4 Qe7 13. Ra3 Nbd7 14. O-O Nb6 15. a5
Nfxd5 16. axb6 Ne3 17. Qe1 Bd4 18. Kh1 Nxf1 19. Nd5 Qd8 20. Qxf1 Rb8 21. f5 Bd7
22. Bc4 gxf5 23. Rg3+ Kh8 24. Nf3 Rg8 25. Rxg8+ Qxg8 26. Nxd4 cxd4 27. Nf6 Qd8
28. Bg5 Be6 29. Qe2 Qc8 30. Qxh5+ Kg7 31. Qh6# 1-0

[Event "Northumbria Masters"]
[Site "Newcastle upon Tyne, ENG"]
[Date "2019.08.24"]
[Round "3.15"]
[White "Chipanga, Takaedza"]
[Black "Dong, Bao Nghia"]
[Result "1-0"]
[WhiteElo "2029"]
[BlackElo "2217"]
[PlyCount "79"]
[EventDate "2019.08.23"]
[EventRounds "9"]
[EventCountry "ENG"]
[SourceTitle "BritBase"]
[Source "John Saunders"]
[SourceDate "2021.08.31"]
[SourceVersion "1"]
[SourceVersionDate "2021.08.31"]
[SourceQuality "1"]

1. d4 Nf6 2. c4 c5 3. d5 b5 4. cxb5 a6 5. e3 axb5 6. Bxb5 Qa5+ 7. Nc3 Ne4 8.
Nge2 g6 9. O-O Nxc3 10. Nxc3 Bg7 11. Bd2 O-O 12. a4 Na6 13. e4 d6 14. Bg5 f6
15. Bd2 f5 16. exf5 Rxf5 17. Re1 Qd8 18. Qe2 Re5 19. Qc4 Nc7 20. Bc6 Rb8 21.
Nb5 Na6 22. Bc3 Rf5 23. Qh4 Bf8 24. Re3 Rh5 25. Qc4 Bh6 26. Re2 Bf8 27. Rae1
Rf5 28. b3 Rf7 29. h4 h5 30. Re3 Bh6 31. Re6 Bxe6 32. Rxe6 Kh7 33. Qe4 Qg8 34.
Rxe7 Bf8 35. Re6 Rf5 36. Be8 Rxe8 37. Rxe8 Rxd5 38. Kh2 Rf5 39. Qb7+ Qg7 40.
Rxf8 1-0

[Event "Northumbria Masters"]
[Site "Newcastle upon Tyne, ENG"]
[Date "2019.08.24"]
[Round "3.16"]
[White "Turner, Max N"]
[Black "Kanyamarala, Tarun"]
[Result "0-1"]
[WhiteElo "2012"]
[BlackElo "2142"]
[PlyCount "96"]
[EventDate "2019.08.23"]
[EventRounds "9"]
[EventCountry "ENG"]
[SourceTitle "BritBase"]
[Source "John Saunders"]
[SourceDate "2021.08.31"]
[SourceVersion "1"]
[SourceVersionDate "2021.08.31"]
[SourceQuality "1"]

1. d4 Nf6 2. c4 e6 3. Nc3 Bb4 4. e3 O-O 5. Nf3 b6 6. Bd3 d5 7. cxd5 exd5 8. Bd2
Ba6 9. Bxa6 Nxa6 10. Qe2 Qc8 11. O-O Qb7 12. Rac1 Rac8 13. Rfd1 Bxc3 14. Bxc3
Ne4 15. Nd2 Nd6 16. b3 Rfe8 17. Bb2 Re6 18. Ba3 c5 19. dxc5 bxc5 20. Qd3 Nb5
21. Bb2 Nb4 22. Qb1 Qa6 23. a4 Nd6 24. Ba3 Qb7 25. Nf3 Ne4 26. Nd2 Nf6 27. Bxb4
Qxb4 28. Qc2 h6 29. Qc3 Qb8 30. h3 Rec6 31. Rc2 Qb6 32. Rdc1 Rb8 33. Qe5 Re6
34. Qc3 Nd7 35. Qd3 Qb7 36. Qf5 Rf6 37. Qd3 Re8 38. Nf3 Rb6 39. Rd1 Rd6 40. Qc3
Re4 41. Rd3 c4 42. bxc4 Rxc4 43. Qb2 Rb6 44. Qa2 Rb1+ 45. Kh2 Qc7+ 46. g3 Rxc2
47. Qxb1 Rxf2+ 48. Kh1 Qxg3 0-1

[Event "Northumbria Masters"]
[Site "Newcastle upon Tyne, ENG"]
[Date "2019.08.24"]
[Round "3.17"]
[White "Burrows, Martin P"]
[Black "Izod, Chris"]
[Result "1-0"]
[WhiteElo "2121"]
[BlackElo "1943"]
[PlyCount "105"]
[EventDate "2019.08.23"]
[EventRounds "9"]
[EventCountry "ENG"]
[SourceTitle "BritBase"]
[Source "John Saunders"]
[SourceDate "2021.08.31"]
[SourceVersion "1"]
[SourceVersionDate "2021.08.31"]
[SourceQuality "1"]

1. e4 e6 2. d4 d5 3. Nc3 dxe4 4. Nxe4 Bd7 5. Nf3 Bc6 6. Bd3 Nd7 7. O-O Ngf6 8.
Neg5 Bd6 9. Re1 h6 10. Nh3 Bxf3 11. Qxf3 c6 12. Nf4 O-O 13. Nh5 Nxh5 14. Qxh5
Qf6 15. c3 Bf4 16. Qg4 Bxc1 17. Qe4 g6 18. Raxc1 Rad8 19. Re3 Qg5 20. Rce1 Nf6
21. Qf3 Kg7 22. Qd1 Qa5 23. Qb1 c5 24. dxc5 Qxc5 25. b4 Qd6 26. c4 Ng4 27. Rg3
Qd4 28. Qc2 Ne5 29. Bf1 Rfe8 30. a3 Re7 31. Rge3 f6 32. c5 a6 33. g3 g5 34. Bg2
g4 35. h3 h5 36. h4 Qd2 37. Qb1 Rd3 38. R3e2 Qc3 39. Be4 Nf3+ 40. Bxf3 Rxf3 41.
Re3 Rxe3 42. Rxe3 Qc4 43. Qd1 e5 44. Qd8 Rf7 45. Qc8 Qc2 46. Kg2 Kg6 47. Qg8+
Rg7 48. Qe6 Qf5 49. Qe8+ Kh7 50. c6 bxc6 51. Qxc6 Rd7 52. Qxa6 Rd2 53. Qa7+ {
(time)} 1-0